| Поле | Название | Значение |
| |
Тип записи |
a |
| |
Библиографический уровень |
m |
| 001 |
Контрольный номер |
4e2b1cad282845259fa238e147142720 |
| 005 |
Дата корректировки |
20230926145341.3 |
| 010 |
Индекс ISBN |
__ |
| a |
ISBN |
978-5-9908279-4-3 |
| d |
Цена |
подарочная |
| 101 |
Язык документа |
0_ |
| a |
Язык текста |
rus |
| 102 |
Страна публикации |
__ |
| a |
Страна публикации |
RU |
| 200 |
Заглавие и сведения об ответственности |
1_ |
| a |
Заглавие |
Процессный подход к разработке конкурентной стратегии предприятий хлебопекарной промышленности |
| b |
Общее обозначение материала |
Текст |
| e |
Сведения, относящиеся к заглавию |
учебное пособие |
| f |
Первые сведения об ответственности |
Е.Г. Кузнецова, Р.Р. Хайров; Саран. кооп. ин-т РУК . |
| 210 |
Выходные данные |
1_ |
| a |
Место издания |
Саранск |
| c |
Издательство |
ЮрЭксПрактик |
| d |
Дата издания |
2016 |
| 215 |
Физическое описание |
__ |
| a |
Объем |
124с. |
| 610 |
Ключевые слова |
0_ |
| a |
Ключевые слова |
экономика предприятия |
| a |
Ключевые слова |
процессный подход |
| a |
Ключевые слова |
стратегии предприятий |
| a |
Ключевые слова |
рынок хлебопекарной продукции |
| a |
Ключевые слова |
хлебопекарная промышленность |
| 686 |
Индексы других классификаций |
__ |
| a |
Классификационный индекс |
65.29 |
| 700 |
Автор |
_1 |
| a |
Фамилия |
Кузнецова Е. Г. |
| 801 |
Источник записи |
_0 |
| a |
Страна |
RU |
| b |
Организация |
РУК |
| g |
Правила каталогизации |
PSBO |
| 801 |
Источник записи |
_1 |
| a |
Страна |
RU |
| b |
Организация |
РУК |
| g |
Правила каталогизации |
PSBO |
| 852 |
Данные о местонахождении |
__ |
| i |
Авторский знак |
К 89 |
| j |
Шифр хранения |
65.29 |
| 901 |
Тип документа |
__ |
| t |
Тип документа |
m |
| 937 |
Технологическая информация |
__ |
| a |
Создатель записи (имя) |
Жесткова |
| 938 |
Служебная информация |
__ |
| a |
Название организации |
Саранский филиал |
| 952 |
Тип литературы |
__ |
| c |
Вид литературы |
учебное пособие |